Automatic Control Systems./ (Record no. 2842)

MARC details
000 -LEADER
fixed length control field 00685nac a22001811u 4500
008 - FIXED-LENGTH DATA ELEMENTS--GENERAL INFORMATION
fixed length control field 100914t xxu||||| |||| 00| 0 eng d
020 ## - INTERNATIONAL STANDARD BOOK NUMBER
International Standard Book Number 8120309685
082 ## - DEWEY DECIMAL CLASSIFICATION NUMBER
Classification number 629.8
Item number KUO
100 ## - MAIN ENTRY--PERSONAL NAME
Personal name Kuo ,Benjamin C.
9 (RLIN) 19108
245 ## - TITLE STATEMENT
Title Automatic Control Systems./
Statement of responsibility, etc Benjamin C.Kuo
250 ## - EDITION STATEMENT
Edition statement 7tn. ed.
260 ## - PUBLICATION, DISTRIBUTION, ETC. (IMPRINT)
Place of publication, distribution, etc New Delhi:2003.
Name of publisher, distributor, etc Prentice-Hall of India;
Date of publication, distribution, etc c.2003.
300 ## - PHYSICAL DESCRIPTION
Extent 897, 8 p. :
Other physical details ill,
Dimensions 25cm.
504 ## - BIBLIOGRAPHY, ETC. NOTE
Bibliography, etc Includes Index.
650 ## - SUBJECT ADDED ENTRY--TOPICAL TERM
Topical term or geographic name as entry element Feedback control systems.
9 (RLIN) 19109
942 ## - ADDED ENTRY ELEMENTS (KOHA)
Item type Book - Borrowing
Call number prefix 629.8KUO
Source of classification or shelving scheme Dewey Decimal Classification
Holdings
Withdrawn status Item status Source of classification or shelving scheme Damaged status Not for loan Vendor Home library Current library Shelving location Date acquired Source of acquisition Total Checkouts Total Renewals Full call number Barcode Date last seen Date last borrowed Koha item type
    Dewey Decimal Classification       Central Library Central Library First floor 14/09/2010   3 1 629.8 KUO 000001334 15/07/2025 02/05/2018 Book - Borrowing